Štatistická ročenka o hlavnom meste SSR Bratislave 1988

Gespeichert in:
Bibliographische Detailangaben
Format: Buch
Sprache:Slowakisch
Veröffentlicht: Bratislava Slovenský štatistický úrad 1988
Schlagworte:
Tags: Tag hinzufügen
Keine Tags, Fügen Sie das erste Tag hinzu!

MARC

LEADER 00000nam a2200000 4500
001 c032018
005 20260116113522.5
041 0 |a slo 
044 |a SK 
245 1 0 |a Štatistická ročenka o hlavnom meste SSR Bratislave 1988 
264 1 |a Bratislava  |b Slovenský štatistický úrad  |c 1988 
300 |a 206 s. 
610 2 0 |a Slovensko 
610 2 0 |a mestá 
610 2 0 |a Bratislava